Tools for team excellence : (Record no. 347873)
[ view plain ]
| 000 -LEADER | |
|---|---|
| fixed length control field | 01715 a2200181 4500 |
| 020 ## - INTERNATIONAL STANDARD BOOK NUMBER | |
| International Standard Book Number | 0891060812 (hardcover) |
| 020 ## - INTERNATIONAL STANDARD BOOK NUMBER | |
| International Standard Book Number | 9780891060819 (hardcover) |
| 082 04 - DEWEY DECIMAL CLASSIFICATION NUMBER | |
| Classification number | 658.402 |
| 090 ## - LOCALLY ASSIGNED LC-TYPE CALL NUMBER (OCLC); LOCAL CALL NUMBER (RLIN) | |
| -- | 5466 |
| -- | 5466 |
| 100 1# - MAIN ENTRY--PERSONAL NAME | |
| Personal name | Huszczo, Gregory. |
| 245 10 - TITLE STATEMENT | |
| Title | Tools for team excellence : |
| Remainder of title | getting your team into high gear and keeping it there / |
| Statement of responsibility, etc. | Gregory Huszczo. |
| 250 ## - EDITION STATEMENT | |
| Edition statement | 1st ed. |
| 260 ## - PUBLICATION, DISTRIBUTION, ETC. | |
| Place of publication, distribution, etc. | [S.l.] : |
| Name of publisher, distributor, etc. | Intercultural Press, |
| Date of publication, distribution, etc. | 1996. |
| 300 ## - PHYSICAL DESCRIPTION | |
| Extent | 248 p. ; |
| Dimensions | 24 cm. |
| 520 ## - SUMMARY, ETC. | |
| Summary, etc. | Clearly written and packed with practical team training exercises from the author's experience in over 25 years of working with teams, TOOLS FOR TEAM EXCELLENCE provides comprehnsive information on building, assessing, and improving team performance. Crafted specifically for use by team members, these exercises, normally available only through professional corporate trainers, cannot be found in any other source. Going beyond the purely philosophical approaches or trendy fads outlined in current management literature, TOOLS FOR TEAM ECELLENCE describes seven key components necessary for creating effective teams: specific targets, appropriate talent, clear roles and responsibilities, efficient procedures, constructive interpersonal relations, active reinforcement, and diplomatic ties with other parts of the organization. Addressing the gap that often appears between theory and practice, this book provides a host of strategies, techniques, and team-building tools honed by experience--exercises and worksheets, questionnaires, assessment techniques, problem-solving guidelines, and troubleshooting tips. |
| 856 40 - ELECTRONIC LOCATION AND ACCESS | |
| Materials specified | Amazon.com |
| Uniform Resource Identifier | <a href="http://www.amazon.com/exec/obidos/ASIN/0891060812/chopaconline-20">http://www.amazon.com/exec/obidos/ASIN/0891060812/chopaconline-20</a> |
| 942 ## - ADDED ENTRY ELEMENTS (KOHA) | |
| Institution code [OBSOLETE] | NBS |
| Koha item type | Book |
| Call number prefix | 658.402 HUS |
| Withdrawn status | Lost status | Damaged status | Not for loan | Permanent Location | Current Location | Date acquired | Total Checkouts | Full call number | Barcode | Date last seen | Price effective from | Koha item type |
|---|---|---|---|---|---|---|---|---|---|---|---|---|
| Central Library (CL) | Central Library (CL) | 08/28/2013 | 658.402 HUS | NBS5674 | 08/28/2013 | 08/28/2013 | Book |
